Yerma
Guardado en:
| Autor principal: | |
|---|---|
| Formato: | Libro |
| Lenguaje: | español |
| Publicado: |
Barcelona
Seix Barral
1987
|
| Colección: | Biblioteca de Bolsillo Seix Barral
|
| Materias: | |
| Etiquetas: |
Agregar Etiqueta
Sin Etiquetas, Sea el primero en etiquetar este registro!
|
MARC
| LEADER | 00000nam a2200000 a 4500 | ||
|---|---|---|---|
| 001 | UCX0433 | ||
| 003 | CL-VaPUC | ||
| 008 | 891018e19870000SP |||||||||||||||||spa|d | ||
| 082 | 0 | 4 | |a 862 |b GAR |2 21 |
| 100 | |a García Lorca, Federico |e autor |9 315690 | ||
| 245 | 1 | 0 | |a Yerma |
| 246 | 1 | 0 | |a Poeta en Nueva York |
| 300 | |a 158 p | ||
| 942 | |c BK | ||
| 945 | |d 19891018 00:00:00 | ||
| 260 | |a Barcelona |b Seix Barral |c 1987 | ||
| 650 | 0 | |a Drama español |9 265098 | |
| 650 | 0 | |a Poesías españolas |9 265100 | |
| 583 | |a last modification |c 19891018 00:00:00 |k Rodrigo Vera | ||
| 490 | 0 | |a Biblioteca de Bolsillo Seix Barral | |
| 999 | |c 222036 |d 222034 | ||
| 952 | |0 0 |1 0 |4 0 |6 862_000000000000000_GAR_1987 |7 0 |8 R |9 216198 |a BIBEDU |b BIBEDU |c MCIRC |d 2019-11-15 |i 2848031 |o 862 GAR 1987 |p 2848031 |r 2023-01-13 |w 2019-11-15 |y BK_R |k LIT | ||